000 00768nam a2200229 i 4500
001 bgj
100 1 _aALLEN, Virginia French.
245 1 0 _aTechniques in Teaching Vocabulary /
_cVirginia French Allen.
260 _aNew York :
_bOxford University Press,
_c1983
_aOxford.
300 _aVII, 136 pp :
_bill. ;
_c23 cm.
490 1 _aTeaching Techniques in English as a Second Language
505 _aIncludes index.
650 9 _aEnglish language
_xStudy and teaching
_xForeign speakers
650 9 _aVocabulary
_xStudy and teaching
830 _aTeaching Techniques in English as a Second Language
020 _a0194341305 (pbk)
040 _cBPK
041 0 _aeng
920 _a0-19-434130-5 (pbk)
942 _cKS
008 s uk f |000 0 eng
999 _c47309
_d47309
856 _uhttp://koha.tu.koszalin.pl/cgi-bin/koha/opac-detail.pl?biblionumber=47309
_yKatalog online BPK